000 00629nam a2200217Ia 4500
003 OSt
005 20220925182353.0
006 a|||||r|||| 00| 0
007 ta
008 220923b |||||||| |||| 00| 0 eng d
037 _cGeneral Book
040 _aRTL
_cRTL
_beng
041 _2eng
_aeng
082 _aX65:9581, K6
100 _aDietz Peter O
_9256190
245 0 _aPension funds
_b Measuring investment performance
260 _aColombia
_bColumbia University & The free Press
_c1966
300 _axvii, 166p
_ccm.
942 _hX65:9581, K6
_cGB
_2CC
999 _c502066
_d502066